Statistiken für Alle Elemente mit C

Klicken Sie hier um das Quiz zu spielen!

Allgemein

  • Dieses Quiz wurde 35 mal gespielt
  • Das Durchschnittsergebnis liegt bei 6 aus 10

Antwortstatistiken

HintAntwort% Korrekt
6Chlor
94%
3Calcium
70%
7Chrom
67%
1Cadmium
64%
2Caesium
61%
5Cer
58%
4Californium
48%
8Cobalt
45%
10Curium
33%
9Copernicium
21%

Verteilung der Resultate

Perzentil nach korrekt beantworteten Fragen

Anzahl Personen mit jedem Resultat

Ihre Resultats-Entwicklung

Sie haben dieses Quiz noch nicht gespielt